LEADER 02792nam 2200565Ia 450 001 9910778853903321 005 20230620185809.0 010 $a1-4384-0333-X 010 $a0-585-04602-6 035 $a(CKB)111004366802496 035 $a(OCoLC)42854973 035 $a(CaPaEBR)ebrary10588872 035 $a(SSID)ssj0000123011 035 $a(PQKBManifestationID)11142160 035 $a(PQKBTitleCode)TC0000123011 035 $a(PQKBWorkID)10131000 035 $a(PQKB)10404750 035 $a(MiAaPQ)EBC3408321 035 $a(MdBmJHUP)muse13883 035 $a(Au-PeEL)EBL3408321 035 $a(CaPaEBR)ebr10588872 035 $a(OCoLC)923415653 035 $a(EXLCZ)99111004366802496 100 $a19940913d1995 uy 0 101 0 $aeng 135 $aurcn||||||||| 181 $ctxt$2rdacontent 182 $cc$2rdamedia 183 $acr$2rdacarrier 200 10$aClassic Yiddish fiction $eAbramovitsh, Sholem Aleichem, and Peretz /$fKen Frieden 210 1$aAlbany :$cState University of New York Press,$d1995. 215 $a1 online resource (xii, 364 pages) $cillustrations, maps 225 0 $aSUNY series in modern Jewish literature and culture 300 $aBibliographic Level Mode of Issuance: Monograph 311 0 $a0-7914-2601-7 320 $aIncludes bibliographical references and index. 330 $aYiddish literature, despite its remarkable achievements during an era bounded by Russian reforms in the 1860s and the First World War, has never before been surveyed by a scholarly monograph in English. Classic Yiddish Fiction provides an overview and interprets the Yiddish fiction of S.Y. Abramovitsh, Sholem Aleichem, and I.L. Peretz. While analyzing their works, Frieden situates these three authors in their literary world and in relation to their cultural contexts. Two or three generations ago, Yiddish was the primary language of Jews in Europe and America. Today, following the Nazi genocide and half a century of vigorous assimilation, Yiddish is sinking into oblivion. By providing a bridge to the lost continent of Yiddish literature, Frieden returns to those European traditions. This journey back to Ashkenazic origins also encompasses broader horizons, since the development of Yiddish culture in Europe and America parallels the history of other ethnic traditions. 606 $aSocial problems in literature 606 $aSatire, Yiddish$xHistory and criticism 615 0$aSocial problems in literature. 615 0$aSatire, Yiddish$xHistory and criticism. 676 $a839/.0933 700 $aFrieden$b Ken$f1955-$01494188 801 0$bMiAaPQ 801 1$bMiAaPQ 801 2$bMiAaPQ 906 $aBOOK 912 $a9910778853903321 996 $aClassic Yiddish fiction$93717579 997 $aUNINA LEADER 01410nam0 22003491i 450 001 UON00494379 005 20231205105346.398 010 $a25-03-36047-5 100 $a20190506d1986 |0itac50 ba 101 $afre 102 $aBE 105 $a|||| ||||| 200 1 $aˆLe ‰costume civil$fpar Mireille Madou$gtraduit du néerlandais par Marnix Vincent 210 $aTurnhout$cBrepols$d1986 215 $a64 p.$d24 cm. 311 $aB-I.C.2*$9UON00252611 316 $aDono Prof. Alberto Varvaro.$5IT-UONSI F. Varvaro1178 410 0$1001UON00252611$12001 $aTypologie des Sources du Moyen Age Occidental$v47 B-I.C.2* 606 $aMedioevo$xCiviltà$3UONC047504$2FI 606 $aStoria medievale$xFonti$3UONC094937$2FI 620 $aBE$dTurnhout$3UONL001236 676 $a909.01$cSTORIA MEDIEVALE$v21 676 $a391.00902$cSTORIA DEL COSTUME E TENUTA PERSONALE NEL MEDIOEVO$v22 700 1$aMADOU$bMireille$3UONV241651$0153692 702 1$aVINCENT$bMarnix$3UONV241650 712 $aBrepols$3UONV247627$4650 801 $aIT$bSOL$c20250613$gRICA 899 $aSIBA - SISTEMA BIBLIOTECARIO DI ATENEO$2UONSI 912 $aUON00494379 950 $aSIBA - SISTEMA BIBLIOTECARIO DI ATENEO$dSI F. Varvaro1178 $eSI 29169 7 Dono Prof. Alberto Varvaro. 996 $aCostume civil$9479648 997 $aUNIOR